Терапевтический справочник. Т.2 (Запись № 13489147)

Подробности
000 -МАРКЕР
контрольное поле 01426nam2a22002531 4500
001 - ИДЕНТИФИКАТОР ЗАПИСИ
контрольное поле RU\NLR\A1SV\122391
005 - ИДЕНТИФИКАТОР ВЕРСИИ
контрольное поле 20251214191940.0
035 ## - ДРУГИЕ СИСТЕМНЫЕ НОМЕРА
Идентификатор записи (NLR Aleph) 010443060
100 ## - ДАННЫЕ ОБЩЕЙ ОБРАБОТКИ
Данные общей обработки 20131030d1922 u y0rusy50 ca
101 0# - ЯЗЫК РЕСУРСА
Язык текста, звукозаписи и т.д. русский
200 0# - ЗАГЛАВИЕ И СВЕДЕНИЯ ОБ ОТВЕТСТВЕННОСТИ
Основное заглавие Т.2
215 ## - ФИЗИЧЕСКАЯ ХАРАКТЕРИСТИКА
Специфическое обозначение материала и объем 158, IV, 88, II, [2], 72, [1] с.
327 1# - ПРИМЕЧАНИЯ О СОДЕРЖАНИИ
Текст примечания Справочник по практической хирургии/ Проф. С.Р.Миротворцев (С.158 1-й паг., IV с.)
-- Краткий терапевтический справочник по кожным и венерическим болезням / Проф. П.С.Григорьев (С.88 2-й паг., II [2-го ряда], [2])
-- Справочник по глазным болезням / Проф. К.А.Юдин (С.72 3-ей паг., [1] с.)
461 #1 - УРОВЕНЬ НАБОРА
Встроенное поле 001RU\NLR\A1SV\122387
-- 2000#$vТ.2
Системный номер (АБИС) связанной записи 9898247
Место публикации Саратов
Дата публикации 1922
Имя издателя, распространителя и т.д. Гос. изд.
Заглавие Терапевтический справочник
Номер тома Т.2
702 #1 - ИМЯ ЛИЦА - ВТОРИЧНАЯ ОТВЕТСТВЕННОСТЬ
Графика поля Кириллица
Материалы, к которым относится поле rus
Начальный элемент ввода Григорьев
Часть имени, кроме начального элемента ввода П. С.
Дополнения к именам, кроме дат врач-дерматовенеролог
Даты 1879-1940
Расширение инициалов личного имени Павел Семенович
Системный номер авторитетной/нормативной записи 249265
Идентификатор авторитетной/нормативной записи RU\NLR\AUTH\770249321
702 #1 - ИМЯ ЛИЦА - ВТОРИЧНАЯ ОТВЕТСТВЕННОСТЬ
Начальный элемент ввода Миротворцев
Часть имени, кроме начального элемента ввода С.Р.
Расширение инициалов личного имени Сергей Романович
702 #1 - ИМЯ ЛИЦА - ВТОРИЧНАЯ ОТВЕТСТВЕННОСТЬ
Начальный элемент ввода Юдин
Часть имени, кроме начального элемента ввода К.А.
Даты 1874-
Расширение инициалов личного имени Константин Александрович
801 #0 - ИСТОЧНИК ЗАПИСИ
Страна Российская Федерация
Организация NLR
Дата составления 20131030
852 ## - МЕСТОНАХОЖДЕНИЕ И ШИФР ХРАНЕНИЯ
Идентификатор организации NLR
942 ## - ДОПОЛНИТЕЛЬНЫЕ ЭЛЕМЕНТЫ ЗАПИСИ (АБИС)
Тип экземпляра АБИС Книга
980 ## - КОЛЛЕКЦИЯ
Название коллекции Международный сводный каталог русской книги (1918-1926)
980 ## - КОЛЛЕКЦИЯ
Название коллекции Национальная библиография

Нет доступных экземпляров.